| 000 | 00396nam a22001697a 4500 | ||
|---|---|---|---|
| 005 | 20160625103307.0 | ||
| 008 | 160625b xxu||||| |||| 00| 0 eng d | ||
| 020 | _a81-85392-75-7 | ||
| 041 | _aeng | ||
| 082 | _b9982 | ||
| 100 |
_aMencher, Melvin _92732 |
||
| 245 | _aBasic News Writing | ||
| 260 |
_bUniversal Book _c2004 |
||
| 300 | _a465 | ||
| 650 |
_aMass Communication _92660 |
||
| 942 | _cBK | ||
| 999 |
_c3934 _d3933 |
||